| 000 | 00990nam a2200229Ia 4500 | ||
|---|---|---|---|
| 003 | Ost | ||
| 005 | 20260507075712.0 | ||
| 008 | 260507s9999||||xx |||||||||||||| ||und|| | ||
| 020 | _a9789931475828 | ||
| 040 | _cfsecg | ||
| 041 | _aara | ||
| 082 | _a330 | ||
| 100 |
_aبوطيبة، فيصل _eمؤلف |
||
| 245 | 0 |
_aمدخل لعلم الاقتصاد / _c فيصل بوطيبة |
|
| 250 | _aطبعة 2 | ||
| 260 |
_aالجزائر: _bجسور, _c2017 |
||
| 300 |
_a246 صفحة؛ _bإيضاحات ؛ _c24 سم |
||
| 504 | _aمراجع ص.243 | ||
| 520 | _aأساسيات علم الاقتصاد، المشكلة الاقتصادية، النظم الاقتصادية،المدارس الاقتصادية،العرض و الطلب، الانتاج و التةوزع،الاستهلاك، الادخار و الاستثمار، النقود و البنوك،البطالة و التضخم ، التنمية الاقتصادية. | ||
| 653 | _aالاقتصاد | ||
| 942 | _cكتاب | ||
| 999 |
_c45894 _d45894 |
||